| 000 | 00790nam a2200193 a 4500 | ||
|---|---|---|---|
| 001 | 000039668 | ||
| 005 | 20250429110432.0 | ||
| 008 | 130715s1897 sp f e 000 0 spa d | ||
| 040 |
_aDO-SdBNP _bspa _cBNPHU |
||
| 082 |
_a909 _bC233h |
||
| 100 | 1 |
_aCantú, Cesar _965858 |
|
| 245 | 1 | 0 |
_aHistoria universal : _bdesde los tiempos más remotos hasta nuestros días / _cCésar Cantú. |
| 260 |
_aBarcelona, España : _bJ. Roma, Editor, _c1897. |
||
| 300 |
_a11 v. : _blam ; _c25 cm. |
||
| 500 | _aIlustrada con un atlas de 496 láminas que forman la historia más completa de trajes, armas, muebles, monumentos, etc. Desde los tiempos más remotos hasta nuestra época. | ||
| 650 | 0 |
_aHistoria universal _9933 |
|
| 700 | 1 | 2 |
_aWeiss, Hermann _eil. _965859 |
| 910 | _aValidado. Control de calidad MFF | ||
| 999 |
_c39158 _d39158 |
||